Pays d'Amérique du Nord - Drapeau - Statistiques

Statistiques générales
  • Ce quiz a été pris 322 fois
    298 depuis la dernière actualisation
  • Le résultat moyen est 16 sur 23
Statistiques - réponses
Par images Réponse % Correct
Canada
100%
Jamaïque
97%
États-Unis
93%
Mexique
91%
Cuba
85%
Panama
76%
Barbade
74%
Costa Rica
71%
Sainte-Lucie
68%
Honduras
67%
République Dominicaine
66%
Belize
62%
Nicaragua
62%
Salvador
62%
Guatemala
61%
Haïti
61%
Grenade
60%
Dominique
58%
Trinité et Tobago
58%
Saint-Vincent-et-les-grenadines
57%
Bahamas
56%
Antigua-et-Barbuda
54%
Saint-Christophe-et-niévès
53%
Aucun quiz correspondant
Distribution des résultats
% des personnes avec chaque résultat
Percentile par nombre de réponses
Votre historique - résultats
Vous n’avez pas pris ce quiz depuis la dernière actualisation